Loading...
| MB | 1 | 11 | 1 | 2 | 120 | 72 | 107.00 | 5 | 12 | 0.00 | 0.00 |
| RC | 2 | 6 | 1 | 0 | 85 | 53 | 94.63 | 3 | 8 | 0.00 | 0.00 |
| BB | 2 | 6 | 1 | 1 | 85 | 39 | 90.25 | 7 | 8 | 0.00 | 0.00 |
| AG | 1 | 6 | 0 | 1 | 75 | 67 | 99.86 | 3 | 7 | 0.00 | 0.00 |
| RR | 0 | 5 | 3 | 0 | 35 | 68 | 99.40 | 1 | 5 | 0.00 | 0.00 |
| AW | 1 | 2 | 0 | 0 | 35 | 52 | 68.00 | 3 | 3 | 0.00 | 0.00 |
| DM | 0 | 3 | 0 | 0 | 30 | 83 | 99.67 | 1 | 3 | 0.00 | 0.00 |
| AR | 1 | 1 | 0 | 0 | 25 | 48 | 74.00 | 1 | 2 | 0.00 | 0.00 |
| AWD | 0 | 1 | 0 | 0 | 10 | 93 | 93.00 | 0 | 1 | 0.00 | 0.00 |
| AW> | 0 | 1 | 0 | 0 | 10 | 102 | 102.00 | 0 | 1 | 0.00 | 0.00 |
| TR | 0 | 1 | 1 | 0 | 5 | 106 | 106.00 | 1 | 1 | 0.00 | 0.00 |
| MV | 0 | 0 | 1 | 0 | -5 | 0.00 | 0 | 0 | 0.00 | 0.00 | |
| 0 | 0 | 1 | 0 | -5 | 0.00 | 0 | 0 | 0.00 | 0.00 |